[Event "Bayerische EM der Damen 2012"]
[Site "Bayerisch Eisenstein"]
[Date "2012.08.21"]
[Round "4.2"]
[White "Zwetz, Anita"]
[Black "Ludwig, Ines"]
[Result "1-0"]
[WhiteElo "1871"]
[BlackElo "1716"]
[PlyCount "85"]
[EventDate "2012.??.??"]
[WhiteTeam "TSV Kareth-Lappersdorf"]
[BlackTeam "SC Mühlhof-Reichelsdorf e.V."]

1. d4 d5 2. Nf3 e6 3. Bg5 Ne7 4. e3 Qd6 5. c3 Nd7 6. Bf4 Qb6 7. Qc2 c6 8. Nbd2
Ng6 9. Bg3 Be7 10. h4 f6 11. e4 dxe4 12. Nxe4 c5 13. h5 Ngf8 14. Bd3 f5 15.
dxc5 Nxc5 16. Nxc5 Qxc5 17. O-O-O Bd7 18. Ne5 Bc6 19. Nxc6 Qxc6 20. Be5 Bf6 21.
Bxf6 gxf6 22. f3 O-O-O 23. Qb3 Nd7 24. Bb5 Qb6 25. Qc4+ Qc7 26. Qxe6 f4 27.
Rhe1 a6 28. Bxd7+ Rxd7 29. Qxf6 Rhd8 30. Qf5 Kb8 31. Rxd7 Rxd7 32. Re4 Rf7 33.
Qd5 Rd7 34. Qc4 Qb6 35. Rd4 Rg7 36. Qe2 Rc7 37. Rxf4 Qg1+ 38. Kc2 Rg7 39. Qe5+
Rc7 40. Rf8+ Ka7 41. Qxc7 Qxg2+ 42. Kb3 Qe2 43. Qc5+ 1-0

[Event "Bayerische EM der Damen 2012"]
[Site "Bayerisch Eisenstein"]
[Date "2012.08.21"]
[Round "4.3"]
[White "Heyne, Regina"]
[Black "Roos, Karin"]
[Result "1-0"]
[WhiteElo "1804"]
[BlackElo "1781"]
[PlyCount "65"]
[EventDate "2012.??.??"]
[WhiteTeam "FC Bayern München e.V."]
[BlackTeam "FC Bayern München e.V."]

1. d4 Nf6 2. c4 d5 3. Nf3 e6 4. Bg5 Be7 5. e3 Nbd7 6. Bd3 dxc4 7. Bxc4 Ne4 8.
Bxe7 Qxe7 9. O-O O-O 10. Nc3 Ndf6 11. Qc2 Nxc3 12. bxc3 b6 13. Bd3 h6 14. Nd2
Bb7 15. Nb3 Rac8 16. a4 Qd6 17. f3 Rfd8 18. Rfd1 Nd5 19. Qd2 Qc6 20. c4 Nf6 21.
a5 Qe8 22. axb6 axb6 23. Ra7 Bc6 24. Qb4 Rd7 25. e4 Rb8 26. Rb1 g6 27. c5 Qe7
28. Na5 Ba8 29. c6 Rd6 30. e5 Nd5 31. exd6 Nxb4 32. dxe7 bxa5 33. Rxc7 1-0

[Event "Bayerische EM der Damen 2012"]
[Site "Bayerisch Eisenstein"]
[Date "2012.08.21"]
[Round "4.4"]
[White "Nietzer, Ingrid"]
[Black "Stegmaier, Erika"]
[Result "0-1"]
[WhiteElo "1355"]
[BlackElo "1560"]
[PlyCount "74"]
[EventDate "2012.??.??"]
[WhiteTeam "SK Keres-Augsburg 1980"]
[BlackTeam "1.Schachklub Neuperlach e.V."]

1. e4 c5 2. Nf3 Nc6 3. Nc3 e6 4. Bc4 a6 5. a4 d6 6. O-O Nf6 7. d3 Be7 8. Bg5
O-O 9. Re1 Qc7 10. d4 cxd4 11. Nxd4 Nxd4 12. Qxd4 e5 13. Qd3 h6 14. Bh4 b6 15.
Bxf6 Bxf6 16. Nd5 Qd8 17. Nxf6+ Qxf6 18. Rad1 Rd8 19. Re3 Bg4 20. Rd2 b5 21.
Bb3 Rab8 22. axb5 Rxb5 23. h3 Bh5 24. c4 Rc5 25. Bd1 Bxd1 26. Rxd1 Qe6 27. b3
a5 28. Ra1 Qc8 29. Ra3 Qe6 30. Qd2 Ra8 31. Rd3 Ra6 32. Rd5 Qg6 33. b4 Rxc4 34.
Raxa5 Rxa5 35. Rxa5 Qxe4 36. Qxd6 Rc1+ 37. Kh2 Qf4+ 0-1

[Event "Bayerische EM der Damen 2012"]
[Site "Bayerisch Eisenstein"]
[Date "2012.08.21"]
[Round "4.5"]
[White "Müller, Liliane"]
[Black "Janekovic, Vera"]
[Result "1/2-1/2"]
[WhiteElo "1679"]
[BlackElo "1643"]
[PlyCount "88"]
[EventDate "2012.??.??"]
[WhiteTeam "1.Schachklub Neuperlach e.V."]
[BlackTeam "FC Bayern München e.V."]

1. d4 d6 2. c4 g6 3. Nc3 Nf6 4. Nf3 Bg7 5. e3 O-O 6. Be2 Nbd7 7. O-O e5 8. Qc2
c6 9. Rd1 Qe7 10. b4 e4 11. Ne1 d5 12. c5 Nb8 13. a4 a6 14. a5 Bg4 15. h3 Bxe2
16. Qxe2 Nbd7 17. Ba3 Ne8 18. g3 f5 19. Ng2 g5 20. Kh1 Bh6 21. Rg1 Kh8 22. Raf1
Qe6 23. Kh2 Ng7 24. Bc1 Rf7 25. Bd2 Raf8 26. Nd1 Nf6 27. Rh1 g4 28. h4 Nfh5 29.
Nf4 Bxf4 30. exf4 Qf6 31. Bc3 Ne6 32. Qd2 Rg8 33. Nb2 Rg6 34. Nc4 Rh6 35. Ne5
Rg7 36. Kg2 Nf8 37. Qe3 Ng6 38. Rh2 Nxe5 39. dxe5 Qe6 40. Bd4 Rd7 41. Rfh1 Rg6
42. Rd1 Rg8 43. Rhh1 Rgd8 44. Qd2 Kg7 1/2-1/2

[Event "Bayerische EM der Damen 2012"]
[Site "Bayerisch Eisenstein"]
[Date "2012.08.21"]
[Round "4.6"]
[White "Homfeldt, Maren"]
[Black "Zürner, Bianca"]
[Result "1/2-1/2"]
[WhiteElo "836"]
[BlackElo "1514"]
[PlyCount "59"]
[EventDate "2012.??.??"]
[WhiteTeam "SC Noris-Tarrasch Nürnberg 1873"]
[BlackTeam "SV Thiersheim"]

1. g3 Nf6 2. Bg2 g6 3. d3 Bg7 4. h3 d6 5. Nd2 O-O 6. e3 c6 7. Kf1 Be6 8. Ne2 h6
9. c3 Bd7 10. b3 Nd5 11. Bb2 e5 12. Kg1 f5 13. Kh2 Nf6 14. Ba3 Be6 15. Nc4 Ne8
16. d4 e4 17. Nf4 Bxc4 18. bxc4 Rf6 19. c5 d5 20. Qa4 Nc7 21. Bf1 Nd7 22. Rg1
b5 23. Qa5 Ne6 24. Qxd8+ Rxd8 25. Nxe6 Rxe6 26. Bb4 Nf6 27. Ba5 Rc8 28. a4 a6
29. axb5 axb5 30. Bb4 1/2-1/2

[Event "Bayerische EM der Damen 2012"]
[Site "Bayerisch Eisenstein"]
[Date "2012.08.21"]
[Round "4.7"]
[White "Homfeldt, Claudia Laura"]
[Black "Reichart, Barbara"]
[Result "0-1"]
[WhiteElo "814"]
[BlackElo "1543"]
[PlyCount "46"]
[EventDate "2012.??.??"]
[WhiteTeam "SC Noris-Tarrasch Nürnberg 1873"]
[BlackTeam "SC Gröbenzell"]

1. e4 d5 2. exd5 Nf6 3. Bb5+ c6 4. dxc6 Nxc6 5. Bxc6+ bxc6 6. Qf3 Qc7 7. Nc3
Bb7 8. Qe3 e6 9. Qd3 Bd6 10. Nf3 O-O 11. O-O Rad8 12. Qd4 Bxh2+ 13. Nxh2 Rxd4
14. Ne2 Rh4 15. Nf3 Rh5 16. d3 c5 17. Nf4 Rf5 18. Rb1 Rxf4 19. Bxf4 Qxf4 20.
Ne1 Ng4 21. g3 Qh6 22. Nf3 Bxf3 23. Rfe1 Qh1# 0-1

[Event "Bayerische EM der Damen 2012"]
[Site "Bayerisch Eisenstein"]
[Date "2012.08.22"]
[Round "5.1"]
[White "Dirmeier, Carolin"]
[Black "Heyne, Regina"]
[Result "1-0"]
[WhiteElo "2044"]
[BlackElo "1804"]
[PlyCount "137"]
[EventDate "2012.??.??"]
[WhiteTeam "TSV Wacker Neutraubling"]
[BlackTeam "FC Bayern München e.V."]

1. e4 e6 2. d4 d5 3. exd5 exd5 4. Nf3 Be7 5. c4 Nf6 6. Nc3 O-O 7. Bg5 Be6 8. c5
c6 9. Bd3 Bg4 10. O-O Nbd7 11. Re1 Re8 12. b4 b6 13. Re3 Nh5 14. Bxe7 Rxe7 15.
Bxh7+ Kxh7 16. Ng5+ Kg6 17. Qxg4 f5 18. Re6+ Rxe6 19. Nxe6+ fxg4 20. Nxd8 Rxd8
21. b5 bxc5 22. bxc6 Nb6 23. dxc5 Nc8 24. Kf1 Nf4 25. Nb5 Ne6 26. Rc1 a6 27.
Nd6 Ne7 28. Nb7 Rc8 29. Rb1 Rxc6 30. Rc1 Rc7 31. Re1 Kf6 32. Nd6 Rxc5 33. Ne8+
Kf7 34. Nd6+ Kf8 35. Rxe6 Rc6 36. a4 Rb6 37. a5 Rc6 38. Ke2 Rc5 39. Nb7 Rb5 40.
Rb6 Rxb6 41. axb6 Nc6 42. Nc5 Nb8 43. Ne6+ Ke7 44. Nxg7 Kd6 45. Nf5+ Kc5 46.
Kd3 Nc6 47. b7 a5 48. Nd4 Nb8 49. Nb3+ Kb6 50. Nxa5 Kxa5 51. Kd4 Kb6 52. Kxd5
Kxb7 53. Ke4 Kc7 54. Kf4 Kd6 55. Kxg4 Ke6 56. Kg5 Kf7 57. f4 Nd7 58. g4 Nf8 59.
f5 Nh7+ 60. Kf4 Nf6 61. h4 Nd5+ 62. Ke5 Ne7 63. g5 Nc6+ 64. Kf4 Kg7 65. h5 Nd8
66. f6+ Kf7 67. Kf5 Kf8 68. g6 Kg8 69. h6 1-0

[Event "Bayerische EM der Damen 2012"]
[Site "Bayerisch Eisenstein"]
[Date "2012.08.22"]
[Round "5.2"]
[White "Lorenz, Oda"]
[Black "Zwetz, Anita"]
[Result "1/2-1/2"]
[WhiteElo "1870"]
[BlackElo "1871"]
[PlyCount "89"]
[EventDate "2012.??.??"]
[WhiteTeam "Schachges. Augsburg 1873"]
[BlackTeam "TSV Kareth-Lappersdorf"]

1. e4 e6 2. d4 d5 3. exd5 exd5 4. c4 Nf6 5. Nc3 c6 6. Nf3 Be7 7. c5 Bg4 8. Be2
Nbd7 9. O-O Qc7 10. h3 Bh5 11. Nh4 Bxe2 12. Qxe2 Nf8 13. Nf5 Ne6 14. Re1 O-O
15. Nxe7+ Qxe7 16. Bf4 Qd7 17. Qd2 Nxf4 18. Qxf4 Rae8 19. b4 Re6 20. a4 Rfe8
21. Rxe6 Rxe6 22. b5 Qe8 23. Rb1 Re1+ 24. Rxe1 Qxe1+ 25. Kh2 h6 26. Qe3 Qa1 27.
Qd3 Qc1 28. Ne2 Qb2 29. f3 g6 30. bxc6 bxc6 31. Qa6 Qb8+ 32. Kg1 Qc7 33. g4 g5
34. Kg2 h5 35. Ng3 hxg4 36. hxg4 Nd7 37. Qd3 Nf8 38. Qf5 Ne6 39. Nh5 Qa5 40.
Nf6+ Kg7 41. Nh5+ Kf8 42. Qe5 Nf4+ 43. Nxf4 gxf4 44. Qxf4 Qxa4 45. Kf2 1/2-1/2

[Event "Bayerische EM der Damen 2012"]
[Site "Bayerisch Eisenstein"]
[Date "2012.08.22"]
[Round "5.3"]
[White "Stegmaier, Erika"]
[Black "Roos, Karin"]
[Result "0-1"]
[WhiteElo "1560"]
[BlackElo "1781"]
[PlyCount "120"]
[EventDate "2012.??.??"]
[WhiteTeam "1.Schachklub Neuperlach e.V."]
[BlackTeam "FC Bayern München e.V."]

1. c4 Nf6 2. g3 e6 3. Bg2 d5 4. cxd5 exd5 5. d4 Be7 6. Nc3 O-O 7. Bf4 c6 8. Nf3
Nbd7 9. O-O Nb6 10. b3 Re8 11. Qc2 Bg4 12. Ne5 Be6 13. Rad1 Nh5 14. Bc1 f6 15.
Nf3 Qd7 16. Rfe1 Bd6 17. e4 dxe4 18. Nxe4 Bb4 19. Nc5 Bxc5 20. dxc5 Nd5 21. a3
Rad8 22. Nh4 Qf7 23. b4 g6 24. Bb2 Ng7 25. Nf3 Bf5 26. Rxe8+ Rxe8 27. Qd2 Be4
28. Qd4 Nf5 29. Qd2 Re7 30. Nd4 Nxd4 31. Qxd4 Bxg2 32. Kxg2 Qe6 33. Qd2 Qe4+
34. Kg1 Kg7 35. h4 Qe2 36. Qc1 Re4 37. Rd2 Qe1+ 38. Qxe1 Rxe1+ 39. Kg2 Kf7 40.
Kf3 h5 41. Re2 Rd1 42. Ke4 f5+ 43. Kf3 Rd3+ 44. Kg2 Nc7 45. Re3 Rd2 46. Rb3 Nd5
47. Kf3 Ke6 48. Bh8 Rc2 49. Bb2 Nc7 50. Ke3 Nb5 51. a4 Nc7 52. a5 Nd5+ 53. Kf3
Rc4 54. Ba3 Nc3 55. Bb2 Ne4 56. Ke3 Rc2 57. Bd4 Rxf2 58. b5 Kd5 59. bxc6 Kxc6
60. Ra3 Rg2 0-1

[Event "Bayerische EM der Damen 2012"]
[Site "Bayerisch Eisenstein"]
[Date "2012.08.22"]
[Round "5.4"]
[White "Ludwig, Ines"]
[Black "Müller, Liliane"]
[Result "0-1"]
[WhiteElo "1716"]
[BlackElo "1679"]
[PlyCount "76"]
[EventDate "2012.??.??"]
[WhiteTeam "SC Mühlhof-Reichelsdorf e.V."]
[BlackTeam "1.Schachklub Neuperlach e.V."]

1. d4 Nf6 2. e3 g6 3. Bd3 Bg7 4. Nd2 O-O 5. f4 d5 6. Ngf3 Nbd7 7. c3 c5 8. O-O
a6 9. Ne5 Qc7 10. g4 Nxe5 11. fxe5 Nxg4 12. Nf3 cxd4 13. exd4 Qb6 14. Kh1 Nh6
15. Qe2 Bg4 16. Qg2 Qe6 17. Ng5 Qd7 18. h3 Bh5 19. Be2 Bxe2 20. Qxe2 Nf5 21.
Kh2 e6 22. Rg1 b5 23. Bd2 Qc6 24. Qg4 Qc4 25. Nf3 h5 26. Qg2 Qc7 27. Kh1 Rfb8
28. Ng5 a5 29. Raf1 b4 30. Nxe6 fxe6 31. Qxg6 Qf7 32. Qf6 Kf8 33. Bh6 Bxh6 34.
Rg6 Qxf6 35. Rxf6+ Ke7 36. Rg1 Rg8 37. Rgg6 Rxg6 38. Rxg6 bxc3 0-1

[Event "Bayerische EM der Damen 2012"]
[Site "Bayerisch Eisenstein"]
[Date "2012.08.22"]
[Round "5.5"]
[White "Zürner, Bianca"]
[Black "Nietzer, Ingrid"]
[Result "1/2-1/2"]
[WhiteElo "1514"]
[BlackElo "1355"]
[PlyCount "46"]
[EventDate "2012.??.??"]
[WhiteTeam "SV Thiersheim"]
[BlackTeam "SK Keres-Augsburg 1980"]

1. d4 Nf6 2. Nf3 g6 3. g3 Bg7 4. Bg2 d6 5. Nbd2 O-O 6. O-O Nbd7 7. b3 e5 8.
dxe5 Nxe5 9. Nxe5 dxe5 10. Bb2 Re8 11. Ne4 Nxe4 12. Bxe4 c6 13. c4 f5 14. Bg2
f4 15. gxf4 exf4 16. Qxd8 Rxd8 17. Bxg7 Kxg7 18. Rfd1 Bf5 19. e4 fxe3 20. fxe3
Bc2 21. Rd4 Rxd4 22. exd4 Rf8 23. Re1 Rf7 1/2-1/2

[Event "Bayerische EM der Damen 2012"]
[Site "Bayerisch Eisenstein"]
[Date "2012.08.22"]
[Round "5.6"]
[White "Janekovic, Vera"]
[Black "Homfeldt, Claudia Laura"]
[Result "1-0"]
[WhiteElo "1643"]
[BlackElo "814"]
[PlyCount "45"]
[EventDate "2012.??.??"]
[WhiteTeam "FC Bayern München e.V."]
[BlackTeam "SC Noris-Tarrasch Nürnberg 1873"]

1. e4 d5 2. exd5 Qxd5 3. Nc3 Qa5 4. Nf3 c6 5. h3 Nf6 6. Bc4 e5 7. O-O Bf5 8.
Nxe5 Bd6 9. Nxf7 b5 10. Nxd6+ Kf8 11. Nxf5 bxc4 12. Qf3 Qc7 13. d3 Nbd7 14. Bf4
Qb7 15. Rfe1 g6 16. Bd6+ Kg8 17. Re7 gxf5 18. Qg3+ Ng4 19. hxg4 Kf8 20. Rxd7+
Ke8 21. Rxb7 cxd3 22. Qe5+ Kd8 23. Qxh8# 1-0

[Event "Bayerische EM der Damen 2012"]
[Site "Bayerisch Eisenstein"]
[Date "2012.08.22"]
[Round "5.7"]
[White "Reichart, Barbara"]
[Black "Homfeldt, Maren"]
[Result "1-0"]
[WhiteElo "1543"]
[BlackElo "836"]
[PlyCount "119"]
[EventDate "2012.??.??"]
[WhiteTeam "SC Gröbenzell"]
[BlackTeam "SC Noris-Tarrasch Nürnberg 1873"]

1. d4 g6 2. e4 Bg7 3. f4 e6 4. Nc3 a6 5. Nf3 h6 6. Bd3 Ne7 7. O-O d6 8. Qe1 Nd7
9. Nh4 b6 10. Ne2 Bb7 11. f5 e5 12. fxg6 Rf8 13. Qf2 Nxg6 14. Nxg6 fxg6 15. Qg3
Rxf1+ 16. Kxf1 Qf6+ 17. Kg1 exd4 18. Bd2 Ne5 19. Rf1 Qe6 20. Bf4 Nxd3 21. cxd3
O-O-O 22. b3 a5 23. Rc1 Be5 24. Bxe5 dxe5 25. Rc2 h5 26. Nc1 Rf8 27. Ne2 Qf6
28. Rc1 Ba6 29. Nxd4 Bxd3 30. Qxd3 Qf2+ 31. Kh1 exd4 32. Qc4 c5 33. h3 Rf4 34.
Qe6+ Kc7 35. Qxg6 Rh4 36. e5 d3 37. Qxd3 Qd4 38. Qxd4 Rxd4 39. Re1 Kd7 40. e6+
Ke7 41. Re5 h4 42. Kh2 Rd6 43. Rh5 Kxe6 44. Rxh4 Rd4 45. Rh6+ Kd7 46. Rxb6 Rb4
47. Rxb4 cxb4 48. g4 Ke7 49. Kg3 Kf6 50. Kf4 Kg6 51. h4 Kg7 52. Kf5 Kf7 53. g5
Kg7 54. h5 Kh7 55. Kf6 Kg8 56. g6 Kh8 57. Kf7 a4 58. g7+ Kh7 59. g8=Q+ Kh6 60.
Qg6# 1-0

[Event "Bayerische EM der Damen 2012"]
[Site "Bayerisch Eisenstein"]
[Date "2012.08.23"]
[Round "6.1"]
[White "Zwetz, Anita"]
[Black "Dirmeier, Carolin"]
[Result "1/2-1/2"]
[WhiteElo "1871"]
[BlackElo "2044"]
[PlyCount "22"]
[EventDate "2012.??.??"]
[WhiteTeam "TSV Kareth-Lappersdorf"]
[BlackTeam "TSV Wacker Neutraubling"]

1. d4 g6 2. Nf3 Bg7 3. Bg5 f5 4. e3 Nf6 5. Nbd2 d6 6. c3 O-O 7. Bc4+ Kh8 8. Qe2
Qe8 9. Bxf6 Bxf6 10. h4 h6 11. Ng5 e5 1/2-1/2

[Event "Bayerische EM der Damen 2012"]
[Site "Bayerisch Eisenstein"]
[Date "2012.08.23"]
[Round "6.2"]
[White "Roos, Karin"]
[Black "Lorenz, Oda"]
[Result "0-1"]
[WhiteElo "1781"]
[BlackElo "1870"]
[PlyCount "113"]
[EventDate "2012.??.??"]
[WhiteTeam "FC Bayern München e.V."]
[BlackTeam "Schachges. Augsburg 1873"]

1. e4 e5 2. Nf3 Nc6 3. Bc4 Bc5 4. c3 Nf6 5. d3 O-O 6. O-O h6 7. Nbd2 d6 8. a4
a6 9. b4 Ba7 10. Bb2 Ne7 11. d4 Ng6 12. dxe5 dxe5 13. Qb3 Qe7 14. Ba3 Bg4 15.
Rad1 Nf4 16. b5 Bc5 17. Bxc5 Qxc5 18. Qb4 Qxb4 19. cxb4 axb5 20. axb5 Nd7 21.
h3 Bh5 22. Kh2 Nb6 23. Rc1 Rfe8 24. Nh4 Nxc4 25. Nxc4 Be2 26. Rfe1 Ra2 27. f3
Nd3 28. Ra1 Rea8 29. Na5 Rxa1 30. Rxa1 b6 31. Ra2 Nxb4 32. Rxe2 Rxa5 33. Nf5
Nd3 34. Rc2 Nc5 35. Rb2 h5 36. Ne7+ Kf8 37. Nc6 Ra3 38. Nxe5 Rb3 39. Rxb3 Nxb3
40. Nc6 f6 41. Kg3 Kf7 42. Kf4 Nc5 43. g4 h4 44. g5 Ne6+ 45. Kf5 Nxg5 46. Ne5+
fxe5 47. Kxg5 Ke6 48. Kg6 c5 49. bxc6 b5 50. c7 Kd7 51. Kf5 b4 52. f4 b3 53.
fxe5 b2 54. c8=Q+ Kxc8 55. Kg6 b1=Q 56. e6 Qxe4+ 57. Kf7 0-1

[Event "Bayerische EM der Damen 2012"]
[Site "Bayerisch Eisenstein"]
[Date "2012.08.23"]
[Round "6.3"]
[White "Heyne, Regina"]
[Black "Reichart, Barbara"]
[Result "1-0"]
[WhiteElo "1804"]
[BlackElo "1543"]
[PlyCount "57"]
[EventDate "2012.??.??"]
[WhiteTeam "FC Bayern München e.V."]
[BlackTeam "SC Gröbenzell"]

1. d4 Nf6 2. c4 g6 3. Nf3 d5 4. cxd5 Nxd5 5. e4 Nf6 6. Nc3 Bg7 7. Bc4 O-O 8.
O-O a6 9. a3 b5 10. Ba2 Bb7 11. Re1 e6 12. h3 c5 13. d5 exd5 14. Nxd5 Nxd5 15.
Bxd5 Bxd5 16. Qxd5 Qb6 17. Be3 Qc6 18. Bxc5 Qxd5 19. exd5 Rd8 20. Rab1 Nd7 21.
Be7 Re8 22. b3 Rac8 23. Bb4 Ne5 24. Nxe5 Rxe5 25. Rxe5 Bxe5 26. Rd1 f6 27. d6
Kf7 28. d7 Rd8 29. Ba5 1-0

[Event "Bayerische EM der Damen 2012"]
[Site "Bayerisch Eisenstein"]
[Date "2012.08.23"]
[Round "6.4"]
[White "Müller, Liliane"]
[Black "Zürner, Bianca"]
[Result "1-0"]
[WhiteElo "1679"]
[BlackElo "1514"]
[PlyCount "69"]
[EventDate "2012.??.??"]
[WhiteTeam "1.Schachklub Neuperlach e.V."]
[BlackTeam "SV Thiersheim"]

1. d4 d5 2. c4 Nf6 3. Nc3 g6 4. Nf3 Bg7 5. e3 c6 6. Bd3 O-O 7. O-O Re8 8. h3
Nbd7 9. b4 e6 10. Bb2 Qc7 11. cxd5 exd5 12. Rc1 Qd6 13. a3 b6 14. Qc2 Bb7 15.
Ne2 Rac8 16. Qb3 Rc7 17. Bb1 h6 18. Rfd1 Nh7 19. Ng3 c5 20. dxc5 bxc5 21. Bxg7
Kxg7 22. Qb2+ f6 23. bxc5 Nxc5 24. Nh4 Nf8 25. Nhf5+ gxf5 26. Nxf5+ Kg8 27.
Nxd6 Ree7 28. Nxb7 Nxb7 29. Rxc7 Rxc7 30. Qxf6 Rf7 31. Qxh6 Nc5 32. Rxd5 Ncd7
33. Rg5+ Ng6 34. Rxg6+ Rg7 35. Qxg7# 1-0

[Event "Bayerische EM der Damen 2012"]
[Site "Bayerisch Eisenstein"]
[Date "2012.08.23"]
[Round "6.5"]
[White "Nietzer, Ingrid"]
[Black "Janekovic, Vera"]
[Result "0-1"]
[WhiteElo "1355"]
[BlackElo "1643"]
[PlyCount "82"]
[EventDate "2012.??.??"]
[WhiteTeam "SK Keres-Augsburg 1980"]
[BlackTeam "FC Bayern München e.V."]

1. d4 d6 2. c4 g6 3. Nc3 Bg7 4. e4 Nf6 5. Nf3 O-O 6. Be2 Nbd7 7. O-O e5 8. dxe5
dxe5 9. Bg5 h6 10. Be3 Ng4 11. Qd2 Nxe3 12. Qxe3 c6 13. Rfd1 Qe7 14. Rd2 f5 15.
exf5 gxf5 16. Rad1 a5 17. Ne1 e4 18. f3 Qc5 19. Qxc5 Nxc5 20. Rd8 Be6 21. Rxa8
Rxa8 22. fxe4 fxe4 23. Rc1 Rd8 24. b3 Nd3 25. Rd1 Bxc3 26. Nxd3 exd3 27. Rxd3
Rxd3 28. Bxd3 Bd7 29. Kf2 b5 30. Ke3 b4 31. h3 Kf7 32. g4 Kf6 33. Kf4 c5 34. h4
Be5+ 35. Kf3 Bd6 36. Be4 a4 37. Bd5 a3 38. Be4 Ke5 39. g5 hxg5 40. hxg5 Bf5 41.
Bd5 Be7 0-1

[Event "Bayerische EM der Damen 2012"]
[Site "Bayerisch Eisenstein"]
[Date "2012.08.23"]
[Round "6.6"]
[White "Homfeldt, Maren"]
[Black "Stegmaier, Erika"]
[Result "0-1"]
[WhiteElo "836"]
[BlackElo "1560"]
[PlyCount "66"]
[EventDate "2012.??.??"]
[WhiteTeam "SC Noris-Tarrasch Nürnberg 1873"]
[BlackTeam "1.Schachklub Neuperlach e.V."]

1. g3 Nf6 2. h3 e6 3. Bg2 d5 4. e3 Nbd7 5. Ne2 Bd6 6. b3 O-O 7. Bb2 Re8 8. d3
c5 9. Nd2 Qc7 10. O-O b6 11. c4 Bb7 12. cxd5 exd5 13. Qc2 Rac8 14. e4 d4 15. f4
Bf8 16. Rf2 a6 17. g4 g6 18. e5 Bxg2 19. Rxg2 Nd5 20. Bxd4 cxd4 21. Qxc7 Rxc7
22. Nxd4 Nxf4 23. Rg3 Rxe5 24. N2f3 Rec5 25. Ne1 Rc3 26. Ne2 Nxe2+ 27. Kg2 Nxg3
28. Kxg3 Bd6+ 29. Kh4 Ne5 30. Kg5 Nxd3 31. Ng2 R7c5+ 32. Kh4 Nf2 33. Re1 Bg3#
0-1

[Event "Bayerische EM der Damen 2012"]
[Site "Bayerisch Eisenstein"]
[Date "2012.08.23"]
[Round "6.7"]
[White "Homfeldt, Claudia Laura"]
[Black "Ludwig, Ines"]
[Result "0-1"]
[WhiteElo "814"]
[BlackElo "1716"]
[PlyCount "130"]
[EventDate "2012.??.??"]
[WhiteTeam "SC Noris-Tarrasch Nürnberg 1873"]
[BlackTeam "SC Mühlhof-Reichelsdorf e.V."]

1. e4 c5 2. Bc4 e6 3. Nf3 Nc6 4. Nc3 a6 5. Bb3 b5 6. d3 d6 7. h3 Nf6 8. O-O Be7
9. a3 O-O 10. Bd2 Qc7 11. Ba2 Rd8 12. Qe1 b4 13. axb4 Nxb4 14. Bb3 Bb7 15. Be3
Bc6 16. Bd2 Nd7 17. Qd1 d5 18. Bg5 Bxg5 19. Nxg5 h6 20. exd5 Bxd5 21. Nxd5 Nxd5
22. Nf3 N7f6 23. Rb1 Nf4 24. d4 cxd4 25. Rc1 e5 26. Re1 Nd7 27. Ba2 Kh8 28. Bb3
f6 29. Re4 Nc5 30. Rxf4 exf4 31. Ba2 Qb6 32. Rb1 Ne4 33. Nh4 Kh7 34. Qd3 g6 35.
Qxe4 f5 36. Qe7+ Kh8 37. Qe5+ Kh7 38. Bf7 Rd6 39. Qe7 Kh8 40. Qe5+ Kh7 41. Qxf4
Rf8 42. Bc4 g5 43. Qd2 gxh4 44. Re1 Qc7 45. Bd3 Kg7 46. Qf4 Qd8 47. Qe5+ Kg6
48. g3 hxg3 49. Qxg3+ Kh7 50. Re5 Rg6 51. Bxf5 Rxf5 52. Rxf5 Rxg3+ 53. fxg3 Kg6
54. Rf4 h5 55. g4 hxg4 56. Rxg4+ Kh5 57. Kh2 Qc7+ 58. Rg3 Qxc2+ 59. Rg2 d3 60.
Kg3 d2 61. Rf2 d1=Q 62. b4 Qg1+ 63. Rg2 Qgxg2+ 64. Kf4 Qge4+ 65. Kg3 Qcg2# 0-1

[Event "Bayerische EM der Damen 2012"]
[Site "Bayerisch Eisenstein"]
[Date "2012.08.24"]
[Round "7.1"]
[White "Dirmeier, Carolin"]
[Black "Müller, Liliane"]
[Result "1-0"]
[WhiteElo "2044"]
[BlackElo "1679"]
[PlyCount "53"]
[EventDate "2012.??.??"]
[WhiteTeam "TSV Wacker Neutraubling"]
[BlackTeam "1.Schachklub Neuperlach e.V."]

1. e4 e6 2. d4 d5 3. exd5 exd5 4. Nf3 Nf6 5. Bg5 Be7 6. c4 O-O 7. Be2 dxc4 8.
Bxc4 c5 9. d5 a6 10. a4 Qd6 11. Nc3 Bf5 12. O-O Nbd7 13. Qd2 Bd8 14. Bf4 Qb6
15. a5 Qb4 16. Ra4 Ne4 17. Qc1 Nxc3 18. Rxb4 cxb4 19. bxc3 Bxa5 20. cxb4 Bxb4
21. Qb2 a5 22. Nd4 Bg6 23. Bd2 Bxd2 24. Qxd2 Rfc8 25. Rc1 a4 26. Ba2 Nc5 27. h3
1-0

[Event "Bayerische EM der Damen 2012"]
[Site "Bayerisch Eisenstein"]
[Date "2012.08.24"]
[Round "7.2"]
[White "Lorenz, Oda"]
[Black "Janekovic, Vera"]
[Result "1-0"]
[WhiteElo "1870"]
[BlackElo "1643"]
[PlyCount "89"]
[EventDate "2012.??.??"]
[WhiteTeam "Schachges. Augsburg 1873"]
[BlackTeam "FC Bayern München e.V."]

1. e4 d6 2. d4 g6 3. Nc3 Bg7 4. Be2 Nf6 5. g4 O-O 6. g5 Nfd7 7. h4 e5 8. dxe5
dxe5 9. Be3 c6 10. Qd6 Nb6 11. O-O-O Qxd6 12. Rxd6 Be6 13. h5 N8d7 14. hxg6
hxg6 15. Nf3 Rfd8 16. Rhd1 Bf8 17. R6d2 Be7 18. Nh2 Nf8 19. Ng4 Rxd2 20. Rxd2
Bxg4 21. Bxg4 Nc4 22. Rd3 Nxe3 23. fxe3 Bxg5 24. Kd2 Rd8 25. a3 Kg7 26. Rxd8
Bxd8 27. Bc8 b6 28. Bb7 c5 29. Nb5 a5 30. Nd6 f6 31. Kd3 Ne6 32. Bd5 Nc7 33.
Nc8 b5 34. Bc6 f5 35. exf5 gxf5 36. Nd6 Kf6 37. Nxb5 Nxb5 38. Bxb5 Ke6 39. Bc4+
Kd6 40. Bf7 Bf6 41. c3 Be7 42. Bg6 f4 43. exf4 exf4 44. Ke4 Bg5 45. Kf3 {Handy.
.. Mobile Phone...} 1-0

[Event "Bayerische EM der Damen 2012"]
[Site "Bayerisch Eisenstein"]
[Date "2012.08.24"]
[Round "7.3"]
[White "Heyne, Regina"]
[Black "Zwetz, Anita"]
[Result "0-1"]
[WhiteElo "1804"]
[BlackElo "1871"]
[PlyCount "144"]
[EventDate "2012.??.??"]
[WhiteTeam "FC Bayern München e.V."]
[BlackTeam "TSV Kareth-Lappersdorf"]

1. d4 d5 2. c4 c6 3. Nf3 Nf6 4. e3 e6 5. Bd3 dxc4 6. Bxc4 b5 7. Bd3 a6 8. Nbd2
Nbd7 9. Qc2 Bb7 10. b3 c5 11. Bb2 Rc8 12. Qb1 cxd4 13. Bxd4 Nc5 14. Bc2 Bd6 15.
O-O Ncd7 16. Qb2 Qc7 17. Rac1 Qb8 18. h3 e5 19. Bc3 b4 20. Bxb4 Bxb4 21. Bf5
Rxc1 22. Rxc1 O-O 23. Nc4 Bxf3 24. gxf3 g6 25. Bb1 Re8 26. Kh1 Qa8 27. Kg2 e4
28. f4 Qd8 29. Rg1 Bf8 30. Kh2 Bg7 31. Qc2 Qe7 32. Rd1 Rc8 33. Qd2 Nc5 34. Qa5
Nfd7 35. Rd5 Qh4 36. Rd2 Bf8 37. b4 Nd3 38. Bxd3 exd3 39. Qxa6 Rd8 40. Qa5 Be7
41. Kg2 Nf6 42. Ne5 Ne4 43. Nf3 Qf6 44. Rd1 Qc3 45. Qe5 Qxe5 46. Nxe5 Ra8 47.
Rxd3 Rxa2 48. Kf3 f5 49. Kg2 Rxf2+ 50. Kg1 Rb2 51. Rd4 Bf6 52. Kf1 h5 53. Ke1
g5 54. Kd1 Bxe5 55. fxe5 Kf7 56. Kc1 Rb3 57. Kc2 Rxe3 58. b5 Rc3+ 59. Kb2 Rc5
60. Rb4 Rxe5 61. b6 Re8 62. b7 Rb8 63. Kc2 Nd6 64. h4 g4 65. Rb6 Ke6 66. Kd3
Rxb7 67. Ra6 Ke5 68. Ra8 Rb3+ 69. Ke2 Kf4 70. Rh8 Ne4 71. Kf1 Kf3 72. Kg1 Rb1+
0-1

[Event "Bayerische EM der Damen 2012"]
[Site "Bayerisch Eisenstein"]
[Date "2012.08.24"]
[Round "7.4"]
[White "Ludwig, Ines"]
[Black "Stegmaier, Erika"]
[Result "1-0"]
[WhiteElo "1716"]
[BlackElo "1560"]
[PlyCount "81"]
[EventDate "2012.??.??"]
[WhiteTeam "SC Mühlhof-Reichelsdorf e.V."]
[BlackTeam "1.Schachklub Neuperlach e.V."]

1. d4 d5 2. e3 Nf6 3. Bd3 c6 4. Nd2 Nbd7 5. f4 Nb6 6. Ngf3 e6 7. c3 Bd6 8. Ne5
O-O 9. O-O Nbd7 10. Rf3 Ne4 11. Nxe4 dxe4 12. Bxe4 Nf6 13. Bc2 c5 14. Rh3 g6
15. Qe1 Ne8 16. Qg3 Ng7 17. Rh6 f5 18. Nxg6 hxg6 19. Qxg6 Qe8 20. Qh7+ Kf7 21.
Rg6 Rg8 22. Qh6 Be7 23. e4 cxd4 24. cxd4 Qd8 25. Be3 Qc7 26. Rc1 Bd7 27. Bb3
Qd8 28. exf5 Nxf5 29. Qh7+ Rg7 30. Rxg7+ Nxg7 31. d5 Qh8 32. Qe4 Rc8 33. f5
Rxc1+ 34. Bxc1 Bc5+ 35. Kh1 Bd6 36. dxe6+ Bxe6 37. fxe6+ Ke7 38. h3 Qc8 39.
Bg5+ Ke8 40. Qg6+ Kf8 41. Qf7# 1-0